Score 0/12 Timer 01:30
0 Plays Today
% Correct
Beary
98%
Porcupiney
97.1%
Deery
97%
Skunky
96.5%
Foxy
96.2%
Rabbity
96.1%
Raccoony
95.5%
Woodpeckery
94.4%
Mousey
94.3%
Beavery
94%
Squirrely
91.1%
Chickadee-y
89.4%
Remove Ads.
Support Sporcle.
Get the best of Sporcle when you Go Orange. This ad-free experience offers more features, more stats, and more fun while also helping to support Sporcle. Thank you for becoming a member.

You're not logged in!

Compare scores with friends on all Sporcle quizzes.
OR
Log In

Sporcle TV

Today on Sporcle TV


Watch our educational content, quiz creation guides, and fun videos on Sporcle TV.

Show Comments

Extras

Top Quizzes Today


Score Distribution

Paid Content

Your Account Isn't Verified!

In order to create a playlist on Sporcle, you need to verify the email address you used during registration. Go to your Sporcle Settings to finish the process.

Report this User

Report this user for behavior that violates our Community Guidelines.

Details: